Statistiche per Riconosci la Squadra di calcio - Quiz n°24

Clicka qui per fare il quiz!

Statistiche generali

  • Questo quiz è stato fatto 14 volte
  • Il punteggio medio è 4 su 10

Statistiche sulle risposte

IndizioRisposta% Corretto
Colori socialiRosso, bianco
92%
Titoli nazionali2 Campionati inglesi di seconda divisione
2 Third Division
75%
SimboliPottermus e Pottermiss, due ippopotami
58%
Divisione nazionale 2023-2024Prima
50%
Trofei nazionali1 Coppa di Lega inglese
42%
Trofei internazionali1 Uhrencup
33%
ConfederazioneUEFA
33%
Fondazione1863
17%
Capienza Stadio30 089 posti
17%
SquadraStoke City
8%

Distribuzione punteggi

Percentile per numero di risposta

Percentuale di utenti per punteggio

I tuoi punteggi nel tempo

Non hai fatto questo quiz